| 000 | 00532cam a22001571 4500 | ||
|---|---|---|---|
| 082 | 0 | 0 |
_a621.31921 _bBEN _cL-10, P-39 |
| 100 | 1 |
_aBenson, F. A. _941142 |
|
| 245 | 1 | 0 |
_aElectric circuit problems, with solutions _c[by] F. A. Benso . |
| 260 |
_aLondon, _bSpon; _c1967. |
||
| 300 |
_axi, 257 p. _btables. _c23 cm. |
||
| 500 | _a"Distribution in the U.S.A. by Barnes & Noble, inc." | ||
| 526 |
_a0 _b0 _c0 _d621_319210000000000_BEN |
||
| 650 | 0 |
_aElectric circuits _xProblems, exercises, etc. _941425 |
|
| 650 | 0 |
_aMCE _9379 |
|
| 942 |
_2ddc _cBK |
||
| 999 |
_c545532 _d545532 |
||